Mrs. Pargeter's point of honour / (Record no. 1171)

MARC details
000 -LEADER
fixed length control field 00506cam a2200205 a 4500
005 - DATE AND TIME OF LATEST TRANSACTION
control field 20260322212049.0
008 - FIXED-LENGTH DATA ELEMENTS--GENERAL INFORMATION
fixed length control field data
010 ## - LIBRARY OF CONGRESS CONTROL NUMBER
LC control number 99032485
020 ## - INTERNATIONAL STANDARD BOOK NUMBER
International Standard Book Number 0684862956
020 ## - INTERNATIONAL STANDARD BOOK NUMBER
International Standard Book Number 9780684862958
040 ## - CATALOGING SOURCE
Original cataloging agency DLC
Transcribing agency DLC
Modifying agency DLC
050 00 - LIBRARY OF CONGRESS CALL NUMBER
Classification number PR6052.R4296
Item number M377 1999
082 00 - DEWEY DECIMAL CLASSIFICATION NUMBER
Classification number 823/.914
Edition information 21
001 - CONTROL NUMBER
control field data
100 1# - MAIN ENTRY--PERSONAL NAME
Personal name Brett, Simon.
245 10 - TITLE STATEMENT
Title Mrs. Pargeter's point of honour /
Statement of responsibility, etc. Simon Brett.
250 ## - EDITION STATEMENT
Edition statement 1st Scribner ed.
260 ## - PUBLICATION, DISTRIBUTION, ETC.
Place of publication, distribution, etc. New York :
Name of publisher, distributor, etc. Scribner,
Date of publication, distribution, etc. 1999.
300 ## - PHYSICAL DESCRIPTION
Extent 265 p. ;
Dimensions 23 cm.
Holdings
Withdrawn status Lost status Damaged status Not for loan Home library Current library Shelving location Date acquired Total checkouts Full call number Barcode Date last seen Price effective from Koha item type
        Franklin Franklin General stacks 22/03/2026   823/.914 21 BC0011209 22/03/2026 22/03/2026 Books